Mercado de futuros (Record no. 2088)

MARC details
000 -CABECERA
campo de control de longitud fija 01648nam a2200289Ia 4500
001 - NÚMERO DE CONTROL
campo de control 2148
008 - DATOS DE LONGITUD FIJA--INFORMACIÓN GENERAL
campo de control de longitud fija 230305s2011 xx 000 0 und d
020 ## - NÚMERO INTERNACIONAL ESTÁNDAR DEL LIBRO
Número Internacional Estándar del Libro 8436540900463
043 ## - CÓDIGO DE ÁREA GEOGRÁFICA
Código de área geográfica en_UK
041 ## - CÓDIGO DE LENGUA
Código de lengua del texto/banda sonora o título independiente spa
245 #0 - MENCIÓN DE TÍTULO
Título Mercado de futuros
260 ## - PUBLICACIÓN, DISTRIBUCIÓN, ETC.
Lugar de publicación, distribución, etc.
Nombre del editor, distribuidor, etc. Cameo,
Fecha de publicación, distribución, etc. 2011
300 ## - DESCRIPCIÓN FÍSICA
Extensión 110min. ; 1 disco DVD
505 ## - NOTA DE CONTENIDO CON FORMATO
Nota de contenido con formato Contiene clip de la productora, notas sobre el arte de la memoria, galería de fotos y ficha técnica.
520 ## - SUMARIO, ETC.
Sumario, etc. El desalojo y derribo de una antigua casa, con todos sus muebles, su abundante biblioteca y su cargamento entero de memoria personal, constituye el punto de arranque de "Mercado de futuros", película documental que intenta trazar algunos rasgos del nuevo aspecto del mundo. La cámara se asoma a la fiebre del mercado inmobiliario, convertido en una feria del espectáculo y promesa del enriquecimiento o del paraíso, a los brokers de la inversión financiera y a los gurús y predicadores del éxito y la mitología empresarial. De fondo, queda una mirada sobre la virtualización del espacio urbano, el desalojo de la memoria personal y colectiva, y la banalización de sueños y deseos, convertidos finalmente en pura mercancía.
590 ## - NOTA LOCAL (RLIN)
Procedencia (VM) [OBSOLETO] Idiomas disponibles: castellano y catalán. Subtítulos disponibles en inglés y gallego
650 #0 - PUNTO DE ACCESO ADICIONAL DE MATERIA--TÉRMINO DE MATERIA
Término de materia o nombre geográfico como elemento de entrada Feature films
9 (RLIN) 26078
700 ## - ENTRADA AGREGADA--NOMBRE PERSONAL
Nombre de persona Álvarez, Mercedes,
Término indicativo de función/relación Author
9 (RLIN) 21808
856 ## - LOCALIZACIÓN Y ACCESO ELECTRÓNICOS
Identificador Uniforme del Recurso <a href="https://www.imdb.com/title/tt2087876/?ref_=fn_al_tt_1">https://www.imdb.com/title/tt2087876/?ref_=fn_al_tt_1</a>
902 ## - ELEMENTOS DE DATOS B LOCAL, LDB (RLIN)
a 178
905 ## - ELEMENTOS DE DATOS E LOCAL, LDE (RLIN)
a m
911 ## - EQUIVALENCIA O REFERENCIA-CRUZADA-NOMBRE DE CONFERENCIA O REUNIÓN/CONGRESO [LOCAL, CANADÁ]
Nombre de congreso/reunión o jurisdicción como elemento de entrada https://biblioteca.tbs-education.es/portadas/8436540900463.jpg
912 ## -
-- 2011-01-01
942 ## - ELEMENTOS DE ENTRADA AGREGADA (KOHA)
Código de la institución [OBSOLETO] 1
953 ## -
-- 2018-04-26 15:27:14
Holdings
Estado de retiro Estado de pérdida Estado dañado No para préstamo Biblioteca de origen Biblioteca actual Ubicación en estantería Fecha de adquisición Total de préstamos Signatura topográfica completa Código de barras Fecha visto por última vez Precio válido a partir de Tipo de ítem Koha
        TBS Barcelona TBS Barcelona Libre acceso 26/04/2018   DVD ALV DVD ALV (Mer)-1 26/04/2018 05/03/2023 Book

Powered by Koha